000 00811nam a2200241 4500
001 121314
003 ES-MaACL
005 20250829112025.0
007 t|
008 070214s1975 mx a |||| | spa d
080 _a299.77(=972.6)
245 0 0 _aPopol Vuh
_b: antiguas historias de los indios quichés de Guatemala : ilustradas con dibujos de los códices mayas /
_cadvertencia, versión y vocabulario de Albertina Saravia E.
250 _a10ª ed.
260 _aMéxico :
_bPorrúa,
_c1975.
300 _aXXX, 166 p. :
_bgrab. ;
_c22 cm.
490 1 _aSepan cuantos
650 4 _aIndios de Guatemala.
_913691
650 4 _aQuichés.
_9147907
700 1 _aSaravia E., Albertina.
_9103776
830 0 0 _aSepan cuantos_
_9180801
852 _aES-MaACL
_jE-9393
999 _c121314
_d121314